Privatizálási stratégiák makroökonómiája.
Definícia privatizácie v podmienkach maďarského hospodárstva. Možnosti investovania a prevodu majetku zo štátneho sektoru k jednotlivcovi. Rozdávanie majetku štátu zadarmo, alebo za symbolickú cenu. Štátny rozpočet a privatizácia. Druhý systém privatizácie predpokladá vytvorenie nových súkromných po...
Enregistré dans:
| Auteur principal: | |
|---|---|
| Format: | Chapitre de livre |
| Langue: | hongrois |
| Sujets: | |
| Tags: |
Pas de tags, Soyez le premier à ajouter un tag!
|
MARC
| LEADER | 00000naa a2200000 4500 | ||
|---|---|---|---|
| 001 | r011005 | ||
| 005 | 20221125113745.5 | ||
| 041 | 0 | |a hun | |
| 044 | |a HU | ||
| 245 | 1 | 0 | |a Privatizálási stratégiák makroökonómiája. |c A. Simon |
| 520 | |a Definícia privatizácie v podmienkach maďarského hospodárstva. Možnosti investovania a prevodu majetku zo štátneho sektoru k jednotlivcovi. Rozdávanie majetku štátu zadarmo, alebo za symbolickú cenu. Štátny rozpočet a privatizácia. Druhý systém privatizácie predpokladá vytvorenie nových súkromných podnikov a inštitúcií, ktoré budú prosperovať a prinesú zisk do štátneho rozpočtu. | ||
| 610 | 2 | 0 | |a stratégia hospodárska |
| 610 | 2 | 0 | |a privatizácia |
| 610 | 2 | 0 | |a MR |
| 610 | 2 | 0 | |a majetok národný |
| 610 | 2 | 0 | |a investície |
| 610 | 2 | 0 | |a sektor štátny |
| 610 | 2 | 0 | |a sektor súkromný |
| 610 | 2 | 0 | |a rozpočet štátny |
| 610 | 2 | 0 | |a podnik súkromný |
| 610 | 2 | 0 | |a rentabilita |
| 610 | 2 | 0 | |a zisk |
| 100 | 1 | |a Simon, A. | |